000 00284 a2200145 4500
001 160417
020 _a
040 _cMagnum
100 _aPassos, Isabel Cristina
240 1 0 _aTapete verde
_lpor
245 1 0 _aTapete verde
362 0 _a1899
697 _aI/GERAL
942 _cBK
999 _c160417
_d160417